Princípy znalostnej ekonomiky v súvislosti s výsledkami ankety "Implementácia vedy a výskumu do praxe v SR" s výhľadom do roku 2015
Princípy znalostnej ekonomiky a ich aplikácie v každodennej praxi sú mimoriadne dôležité a aktuálne pre všetky krajiny snažiace sa v EÚ pôsobiť ako rovnocenný partner. Výsledky ankety ako súčasti 2. Etapy štátnej úlohy "Prognóza rozvoja a využívania vedy a techniky do roku 2015" v časti "Implementác...
Saved in:
| Main Author: | |
|---|---|
| Format: | Book Chapter |
| Language: | Slovak |
| Subjects: | |
| Tags: |
No Tags, Be the first to tag this record!
|
MARC
| LEADER | 00000naa$a2200000$$$4500 | ||
|---|---|---|---|
| 001 | 0041949 | ||
| 005 | 20240502071513.0 | ||
| 041 | 0 | |a slo | |
| 044 | |a SK | ||
| 245 | 1 | 0 | |a Princípy znalostnej ekonomiky v súvislosti s výsledkami ankety "Implementácia vedy a výskumu do praxe v SR" s výhľadom do roku 2015 |c Pavol Záhorák |
| 520 | |a Princípy znalostnej ekonomiky a ich aplikácie v každodennej praxi sú mimoriadne dôležité a aktuálne pre všetky krajiny snažiace sa v EÚ pôsobiť ako rovnocenný partner. Výsledky ankety ako súčasti 2. Etapy štátnej úlohy "Prognóza rozvoja a využívania vedy a techniky do roku 2015" v časti "Implementácia vedy a techniky do praxe". Stručné závery. | ||
| 610 | 2 | 0 | |a ekonomika vedomostná |
| 610 | 2 | 0 | |a veda |
| 610 | 2 | 0 | |a výskum |
| 610 | 2 | 0 | |a rozvoj vedecký |
| 610 | 2 | 0 | |a rozvoj technický |
| 610 | 2 | 0 | |a prognózy strednodobé |
| 610 | 2 | 0 | |a Slovensko |
| 610 | 2 | 0 | |a ankety |
| 100 | 1 | |a Záhorák, Pavol | |